Statistiques concernant Culture Générale - Série 237

Cliquez ici pour prendre le quiz!

Statistiques générales

  • Ce quiz a été pris 80 fois
  • Le résultat moyen est 6 sur 10

Statistiques - réponses

QuestionRéponse% Correct
Quelle est la nationalité de la chanteuse Kylie Minogue ?Australienne
85%
En 2008, quelle comédienne a remporté l'oscar de la meilleure actrice avec "La môme" ?Marion Cotillard
85%
Quel pays a remporté la coupe du monde de football en 2006 ?L'Italie
81%
De quelle région le vin "Chablis" est-il originaire ?La Bourgogne
72%
Dans quel pays peut-on voyager avec le réseau ferroviaire "RENFE" ?L'Espagne
61%
Quel lien de parenté unit Marie et Léa Drucker ?Elles sont cousines
60%
Quel oiseau passe selon le titre de cette chanson de Simon and Garfunkel ?Le condor
39%
Quel était le prénom du père de Michel Sardou ?Fernand
39%
Qui chante "dans Paris à vélo on dépasse les autos" en 1972 ?Joe Dassin
36%
Qu'y a-t-il "sur la France", selon une chanson de Stone et Charden en 1972 ?Du soleil
22%

Distribution des résultats

Percentile par nombre de réponses

% des personnes avec chaque résultat

Votre développement - résultats

Vous n’avez pas pris ce quiz